000 00742nam a2200241 i 4500
001 bgj
100 1 _aTANTOW, Lutz.
245 1 0 _aFranz Kafka und Friedrich Dürrenmatt :
_beine Dramaturgie der Konfrontation /
_cLutz Tantow.
260 _aSt. Ingbert :
_bWerner J. Röhrig Verlag,
_c1988.
300 _a414 s. ;
_c21 cm.
490 1 _aSaarbrücker Beiträge zur Literaturwissenschaft
_vBd. 18
504 _aBibliogr. s. 377-398. Indeks.
650 9 _aLiteratura niemiecka
830 _aSaarbrücker Beiträge zur Literaturwissenschaft
020 _a3924555230
040 _cBPK
041 0 _ager
044 _aDEU
080 _a821.112.2
920 _a3-924555-23-0
942 _cKS
008 s gw f |000 0 ger
999 _c50476
_d50476
856 _uhttp://koha.tu.koszalin.pl/cgi-bin/koha/opac-detail.pl?biblionumber=50476
_yKatalog online BPK